مٹی کی خو شبو / (Record no. 57233)

MARC details
000 -LEADER
fixed length control field 02067nam a22003377a 4500
005 - DATE AND TIME OF LATEST TRANSACTION
control field 20100826122442.0
008 - FIXED-LENGTH DATA ELEMENTS--GENERAL INFORMATION
fixed length control field 090109t xxu||||| |||| 00| 0urd d
010 ## - LCCN (DPL NO)
LC control number UR-7925 ,B-429134-138
020 ## - INTERNATIONAL STANDARD BOOK NUMBER
Terms of availability 125.00
International Standard Book Number 9788182238183
035 ## - SYSTEM CONTROL NUMBER
System control number U-6480
035 ## - SYSTEM CONTROL NUMBER
System control number B-429134-138
037 ## - SOURCE OF ACQUISITION
Source of stock number/acquisition DBAD/PUB
040 ## - CATALOGING SOURCE
Original cataloging agency DPL
Language of cataloging urd
082 ## - DEWEY DECIMAL CLASSIFICATION NUMBER
Classification number ک
100 ## - MAIN ENTRY--PERSONAL NAME
9 (RLIN) 12785
Personal name عنبر ی ر حمن
245 ## - TITLE STATEMENT
Title مٹی کی خو شبو /
Remainder of title
Statement of responsibility, etc عنبر ی ر حمن ، تر تیب و تقد یم شیخ عقیل احمد
246 ## - VARYING FORM OF TITLE
Title proper/short title Mitti Ki Khushbu
Remainder of title by Ambari Rahman
260 ## - PUBLICATION, DISTRIBUTION, ETC. (IMPRINT)
Place of publication, distribution, etc دہلی
Date of publication, distribution, etc 2011
Name of publisher, distributor, etc ایجوکیشنل پبلشنگ ہاؤس
270 ## - ADDRESS
Address 3108,Vakil Street, Kucha Pandit,Lal Kuan
City Delhi
Postal code 110006
Electronic mail address www.ephbooks.com
Telephone number 011-23216162
Fax number 0091-11-23211540
300 ## - PHYSICAL DESCRIPTION
Extent 110 ص
Dimensions 22 س م (Hb)
650 ## - SUBJECT ADDED ENTRY--TOPICAL TERM
9 (RLIN) 12786
700 ## - ADDED ENTRY--PERSONAL NAME
9 (RLIN) 34961
Personal name تر تیب و تقد یم شیخ عقیل احمد
942 ## - ADDED ENTRY ELEMENTS (KOHA)
Source of classification or shelving scheme Dewey Decimal Classification
Item type Urdu Bks
Classification part ک
Call number suffix ع ن ب
Holdings
Withdrawn status Lost status Source of classification or shelving scheme Damaged status Not for loan Collection code Home library Current library Date acquired Cost, normal purchase price Total Checkouts Full call number Barcode Date last seen Copy number Cost, replacement price Koha item type Source of acquisition
    Dewey Decimal Classification     Fiction Central Library Central Library 12/11/2012 125.00 1 ک ع ن ب B-429134 14/07/2018 1 125.00 Urdu Bks KKPub./B.No./141,368/DPL/BPPD/EOI/2010-11/7/86/294dt.24.03.11/30.03.11
    Dewey Decimal Classification     Fiction D.B.Act.Division D.B.Act.Division 03/10/2011 125.00   ک ع ن ب U-6480 03/10/2011 1 125.00 Urdu Bks  
    Dewey Decimal Classification     Fiction Karol Bagh Karol Bagh 12/11/2012 125.00   ک ع ن ب B-429137 12/11/2012 1 125.00 Urdu Bks KKPub./B.No./141,368/DPL/BPPD/EOI/2010-11/7/86/294dt.24.03.11/30.03.11
    Dewey Decimal Classification     Fiction Mobile Library Mobile Library 12/11/2012 125.00   ک ع ن ب B-429135 12/11/2012 1   Urdu Bks KKPub./B.No./141,368/DPL/BPPD/EOI/2010-11/7/86/294dt.24.03.11/30.03.11
    Dewey Decimal Classification     Fiction Patel Nagar Patel Nagar 12/11/2012 125.00   ک ع ن ب B-429136 12/11/2012 1 125.00 Urdu Bks KKPub./B.No./141,368/DPL/BPPD/EOI/2010-11/7/86/294dt.24.03.11/30.03.11
    Dewey Decimal Classification     Fiction Shahdara Branch Shahdara Branch 12/11/2012 125.00   ک ع ن ب B-429138 12/11/2012 1 125.00 Urdu Bks KKPub./B.No./141,368/DPL/BPPD/EOI/2010-11/7/86/294dt.24.03.11/30.03.11

© Delhi Public Library
Hit Counter
free hit counter